|
|
|
|
| LEADER |
00775nam a2200241 a 4500 |
| 001 |
000475802 |
| 003 |
CZ BrMZK |
| 005 |
20080613110325.0 |
| 007 |
ta |
| 008 |
000105s1981 xo f f slo d |
| 040 |
|
|
|a BOA001
|b cze
|
| 080 |
9 |
|
|a 693.001.2
|
| 100 |
1 |
|
|a Zeman, Ján,
|d 1926-
|7 mzk2010473990
|4 aut
|
| 245 |
1 |
0 |
|a Základy ekonomiky socialistickej stavebnej projektovej činnosti.
|n 1. /
|c Ján Zeman
|
| 250 |
|
|
|a 1. vyd.
|
| 260 |
|
|
|a Bratislava :
|b Alfa,
|c 1981
|
| 300 |
|
|
|a 135 s., obr. příl.
|
| 504 |
|
|
|a Obsahuje bibliografii
|
| 910 |
|
|
|a BOA001
|b 3-0831.532,1
|
| 964 |
|
|
|a Projektování stavebně technologické - ekonomika
|
| 990 |
|
|
|a BK
|
| 991 |
|
|
|b 200806
|
| 996 |
7 |
|
|b 2619115342
|c 3-0831.532,1
|l MZK
|r Sklad / do 1 hodiny
|n 0
|w 000475802
|u 000010
|a 1
|e BOA001
|j MZK50
|s A
|